| 000 | 00528nam a22001937a 4500 | ||
|---|---|---|---|
| 005 | 20250221120154.0 | ||
| 008 | 250221b |||||||| |||| 00| 0 eng d | ||
| 020 |
_a9789351764700 _qpbk |
||
| 041 | _aEng | ||
| 082 |
_a530 _bSAN |
||
| 100 | _aSangeev Kumar | ||
| 245 |
_aNCERT Exemplar problems- Solutions class XII _bDetailed explanation to all objective & Subjective problems1 |
||
| 250 | _a1st ed | ||
| 260 |
_aChennai _bArihant |
||
| 300 | _a263p. | ||
| 650 | _aPhysics | ||
| 700 | _aSangeev Kumar | ||
| 942 | _cENGLISH | ||
| 999 |
_c568499 _d568499 |
||